| 000 | 00949nam0a22002771 4500 | ||
|---|---|---|---|
| 001 | rc\3950673 | ||
| 005 | 20260203102750.0 | ||
| 021 |
_aRU _b[55-55744] |
||
| 035 | _a(NLR Aleph) 007923331 | ||
| 090 |
_a8172082 _c8172082 |
||
| 100 | _a20130415d1955 |||y0rusy50 ca | ||
| 101 | 0 | _arus | |
| 102 | _aRU | ||
| 105 | _aa z |||a| | ||
| 200 | 1 |
_aМалыши _e[Стихи _eДля детей] _fРис. Л. Джолос и Е. Соловьева |
|
| 210 |
_aХарьков _cОбл. изд-во _d1955 |
||
| 215 |
_a32 с., 4 л. ил. _cил. _d22 |
||
| 700 | 1 |
_aШестакова _bВ. В. _gВалентина Васильевна |
|
| 702 | 1 |
_aСоловьев _bЕ. С. _cхудожник _f1910-1972 _gЕвгений Степанович _3RU\NLR\AUTH\770289469 _4440 |
|
| 702 | 1 |
_aДжолос _bЛ. _4440 |
|
| 801 | 0 |
_aRU _bNLR _gpsbo |
|
| 801 | 1 |
_aRU _bELAR _2rusmarc |
|
| 852 |
_aNLR _jДл02 Г-6/1524 |
||
| 942 | _cBOOK | ||
| 980 | _aNB | ||